Foreign investment, development and globalization: can Costa Rica become ireland?

Saved in:
Bibliographic Details
Main Author: Paus, Eva
Format: Text
Published: New York: Palgrave Macmillan
Tags: Add Tag
No Tags, Be the first to tag this record!

MARC

LEADER 00000 a a2200000 04500
001 33337
003
040 |a CRAI/IIS  |c CRAI/IIS 
020 |a 1-4039-6983-3  
090 |a 1003 P334f  
100 |a Paus, Eva  
245 |a Foreign investment, development and globalization: can Costa Rica become ireland?  
260 |a New York:   |b Palgrave Macmillan  
300 |a 250 p.  
999 |c 5521  |d 5521